000 00705cam a22002894a 4500
001 0871
003 DO-SdBNP
005 20161122085533.0
007 0871
008 041025s2005 xx 000 1 eng
010 _a 2004025174
020 _a0310235952
040 _aBPMSU
_cspa
_dBPMSU
041 _aspa
_beng
042 _a
043 _a
050 0 0 _a
_b
082 0 0 _a
_2
100 1 _aBlackstock, Terri,
_d1957-
245 1 0 _aBreaker's reef /
_cTerri Blackstock
260 _aGrand Rapids, Mich. :
_bZondervan,
_c2005.
300 _a326 p. ;
_c22 cm.
_b
490 1 _aCape Refuge series ;
_vbook. 4
650 0 _a
_v
830 _aCape Refuge series ;
_p
_vbook 4.
942 _2ddc
_cBK
999 _c12020
_d12020